Úplné náklady práce v Slovenskej republike za rok 1994
Štatistické a ekonomické vykazovanie nákladov práce. Štatistické údaje, týkajúce sa nákladov práce v r.1994. Štruktúra nákladov práce. Hodinové náklady práce. Medzinárodné porovnanie nákladov práce.
Salvato in:
| Autore principale: | |
|---|---|
| Natura: | Capitolo di libro |
| Lingua: | slovacco |
| Soggetti: | |
| Tags: |
Nessun Tag, puoi essere il primo ad aggiungerne!!
|
MARC
| LEADER | 00000naa a2200000 4500 | ||
|---|---|---|---|
| 001 | r021400 | ||
| 005 | 20230906071818.5 | ||
| 041 | 0 | |a slo | |
| 044 | |a SK | ||
| 245 | 1 | 0 | |a Úplné náklady práce v Slovenskej republike za rok 1994 |c František Hlad |
| 520 | |a Štatistické a ekonomické vykazovanie nákladov práce. Štatistické údaje, týkajúce sa nákladov práce v r.1994. Štruktúra nákladov práce. Hodinové náklady práce. Medzinárodné porovnanie nákladov práce. | ||
| 610 | 2 | 0 | |a štatistika práce |
| 610 | 2 | 0 | |a analýza nákladov |
| 610 | 2 | 0 | |a náklady práce |
| 610 | 2 | 0 | |a Slovensko |
| 610 | 2 | 0 | |a 1994 |
| 610 | 2 | 0 | |a porovnanie medzinárodné |
| 100 | 1 | |a Hlad, František | |